| 000 | 00648nam a2200181Ia 4500 | ||
|---|---|---|---|
| 005 | 20250923144825.0 | ||
| 008 | 008 250917s9999 xx 000 0 eng d | ||
| 037 | _aTextual | ||
| 040 |
_aDSWL _beng _cDSWL |
||
| 041 |
_aeng _2eng |
||
| 084 |
_aX8(D5133):8.231,01,N45,1, N62 _qDSWL |
||
| 100 |
_aChojar, B.K. _9828791 |
||
| 245 | 2 |
_aA descriptive study of personnel practice and welfare activity in Mahindra & Mahindra Ltd. Bombay _cby B.K. Chojar |
|
| 260 |
_aDelhi _bDelhi School Of Social Work _c1962 |
||
| 300 | _aix,172p. | ||
| 942 |
_cTEXL _hX8(D5133):8.231,01,N45,1, N62 |
||
| 999 |
_c1443804 _d1443804 |
||